000 00221nam a22000857a 4500
008 161013b xxu||||| |||| 00| 0 eng d
100 _9821
_aMonsingh.R.
245 _aKid's Strategies
260 _aChennai
_bKids publications
_c2007
999 _c3475
_d3475